000 01033nam a22002537i 4500
999 _c23407
_d23407
003 AR-CdUCM
008 250915b20252025 pe||||| |||| 00| 0 spa d
040 _aMUNICIPALIDAD PROVINCIAL DEL CUSCO
_cBIBLIOTECA MUNICIPAL DEL CUSCO
041 _hspa
082 _a343 / V32
_bV32
100 _aVargas Haya, Héctor
_951578
245 _aMitos y Realidades Constitucionales :
_bConstituciones de 1979 y 1993 /
300 _a184 páginas. :
_c20x15 cm.
500 _zPáginas: 183-184
505 _aAsamblea constituyente de 1979 -- Víctor Raúl Haya de la Torre -- El congreso -- Presidencia de la república -- Garantías constitucionales -- La democracia -- Centralismo constitucional -- Los gobiernos regionales -- Una asamblea constituyente ideal
650 _aConstituyente
_951579
650 _aConstitucion de 1979
_951580
650 _aEconomía
_9382
650 _aEstado
_9738
650 _aComisiones parlamentarias
_951581
650 _aDescentralización
_93895
942 _2ddc
_cLIBROS
945 _apbjr
_d11-09-2025